Fr. Conceicao Rodrigues College of Engineering

Introduction to Mechatronics and Measurement system (Record no. 34344)

MARC details
000 -LEADER
fixed length control field 00399nam a2200169Ia 4500
082 ## - DEWEY DECIMAL CLASSIFICATION NUMBER
Classification number 621.381
Item number ALC
100 ## - MAIN ENTRY--PERSONAL NAME
Personal name Alciatore/D.G/ Histand/Michael B
250 ## - EDITION STATEMENT
Edition statement 3
245 ## - TITLE STATEMENT
Title Introduction to Mechatronics and Measurement system
260 ## - PUBLICATION, DISTRIBUTION, ETC.
Name of publisher, distributor, etc. Tata Mc Graw hill Ltd.
Date of publication, distribution, etc. 2007
366 ## - TRADE AVAILABILITY INFORMATION
Publishers's discount category 20
300 ## - PHYSICAL DESCRIPTION
Extent 509
546 ## - LANGUAGE NOTE
Language note ENGLISH
-- TTL
650 ## - SUBJECT ADDED ENTRY--TOPICAL TERM
Topical term or geographic name entry element Mechatronics
942 ## - ADDED ENTRY ELEMENTS (KOHA)
Koha item type BOOK
Holdings
Withdrawn status Lost status Damaged status Not for loan Collection Home library Current library Date acquired Source of acquisition Cost, normal purchase price Inventory number Total Checkouts Full call number Barcode Date last seen Cost, replacement price Price effective from Koha item type
        CRC Fr. Agnel's C.Rodrigues College of Engineering Fr. Agnel's C.Rodrigues College of Engineering 17/03/2023 Book Base 360.00 10811 dt 26/04/2011   621.381 ALC 21613 17/03/2023 450.00   BOOK